| 000 | 00468nam a2200169Ia 4500 | ||
|---|---|---|---|
| 008 | 230711s9999||||xx |||||||||||||| ||und|| | ||
| 020 | _a978-81-265-2933-9 | ||
| 041 | _aENG | ||
| 082 |
_a621.31042 _bHA-P |
||
| 100 | _aEl-Hawary,Mohamed E | ||
| 245 | 0 | _aPrinciples of Electric Machines with Power Electronic Applications | |
| 250 | _a2nd Ed. | ||
| 260 |
_c2014 _aNew Delhi _bWiley India Pvt.Ltd |
||
| 300 | _a483p. | ||
| 650 | _aElectrical Engineering | ||
| 942 | _cBK | ||
| 999 |
_c6585 _d6585 |
||